Кластеризация объектов на основе нечеткой логики; Молодежь и современные информационные технологии; Т. 1

Dettagli Bibliografici
Parent link:Молодежь и современные информационные технологии: сборник трудов XII Всероссийской научно-практической конференции студентов, аспирантов и молодых ученых, г. Томск, 12-14 ноября 2014 г./ Национальный исследовательский Томский политехнический университет (ТПУ), Институт кибернетики (ИК) ; ред. кол. Е. А. Сикора [и др.].— , 2014
Т. 1.— 2014.— [С. 138-139]
Autore principale: Арышева К. С. Ксения Сергеевна
Enti autori: Национальный исследовательский Томский политехнический университет (ТПУ) Институт социально-гуманитарных технологий (ИСГТ) Кафедра менеджмента (МЕН), Национальный исследовательский Томский политехнический университет (ТПУ) Институт кибернетики (ИК) Кафедра оптимизации систем управления (ОСУ)
Altri autori: Аксёнов С. В. Сергей Владимирович
Riassunto:Заглавие с титульного экрана
Lingua:russo
Pubblicazione: 2014
Serie:Математическое моделирование и компьютерный анализ данных
Soggetti:
Accesso online:http://earchive.tpu.ru/handle/11683/20371
http://www.lib.tpu.ru/fulltext/c/2014/C04/V1/061.pdf
Natura: MixedMaterials Elettronico Capitolo di libro
KOHA link:https://koha.lib.tpu.ru/cgi-bin/koha/opac-detail.pl?biblionumber=610588

MARC

LEADER 00000naa2a2200000 4500
001 610588
005 20260407161633.0
035 |a (RuTPU)RU\TPU\conf\8203 
035 |a RU\TPU\conf\8201 
090 |a 610588 
100 |a 20150129d2014 k y0rusy50 ca 
101 0 |a rus 
102 |a RU 
135 |a drcn ---uucaa 
181 0 |a i  
182 0 |a b 
200 1 |a Кластеризация объектов на основе нечеткой логики  |f К. С. Арышева, С. В. Аксёнов 
203 |a Текст  |c электронный 
225 1 |a Математическое моделирование и компьютерный анализ данных 
300 |a Заглавие с титульного экрана 
320 |a [Библиогр.: с. 139 (3 назв.)] 
337 |a Adobe Reader 
461 1 |0 (RuTPU)RU\TPU\conf\7802  |t Молодежь и современные информационные технологии  |o сборник трудов XII Всероссийской научно-практической конференции студентов, аспирантов и молодых ученых, г. Томск, 12-14 ноября 2014 г.  |o в 2 т.  |f Национальный исследовательский Томский политехнический университет (ТПУ), Институт кибернетики (ИК) ; ред. кол. Е. А. Сикора [и др.]  |d 2014 
463 0 |0 (RuTPU)RU\TPU\conf\7790  |t Т. 1  |v [С. 138-139]  |d 2014 
610 1 |a труды учёных ТПУ 
610 1 |a электронный ресурс 
610 1 |a кластеризация 
610 1 |a объекты 
610 1 |a нечеткая логика 
610 1 |a кластеры 
610 1 |a множества 
700 1 |a Арышева  |b К. С.  |c специалист в области информатики и вычислительной техники  |c прогаммист Томского политехнического университета  |g Ксения Сергеевна  |3 (RuTPU)RU\TPU\pers\33042 
701 1 |a Аксёнов  |b С. В.  |c специалист в области информатики и вычислительной техники  |c доцент Томского политехнического университета, кандидат технических наук  |f 1983-  |g Сергей Владимирович  |3 (RuTPU)RU\TPU\pers\25383  |9 11326 
712 0 2 |a Национальный исследовательский Томский политехнический университет (ТПУ)  |b Институт социально-гуманитарных технологий (ИСГТ)  |b Кафедра менеджмента (МЕН)  |3 (RuTPU)RU\TPU\col\18855 
712 0 2 |a Национальный исследовательский Томский политехнический университет (ТПУ)  |b Институт кибернетики (ИК)  |b Кафедра оптимизации систем управления (ОСУ)  |3 (RuTPU)RU\TPU\col\18702 
801 2 |a RU  |b 63413507  |c 20210318  |g RCR 
856 4 |u http://earchive.tpu.ru/handle/11683/20371 
856 4 |u http://www.lib.tpu.ru/fulltext/c/2014/C04/V1/061.pdf 
942 |c BK